MARC

LEADER 00000nam0a2200000 4500
001 348948
005 20231102010145.0
035 |a (RuTPU)RU\TPU\retro\828 
090 |a 348948 
100 |a 20180329d1959 km y0rusy50 ca 
101 0 |a rus 
102 |a RU 
105 |a a z 000zy 
200 1 |a Синтетические материалы из дерева, угля, нефти и газа  |f А. Я. Авербух 
210 |a Ленинград  |c Лениздат  |d 1959 
215 |a 136 с.  |c ил. 
606 1 |a Химическая технология, общая  |2 stltpush  |3 (RuTPU)RU\TPU\subj\30833  |9 53864 
606 1 |a Синтетические материалы  |2 stltpush  |3 (RuTPU)RU\TPU\subj\30820  |9 53856 
610 1 |a высокомолекулярные соединения 
610 1 |a свойства 
610 1 |a пластические массы 
610 1 |a смолы 
610 1 |a полимеры 
610 1 |a асфальты 
610 1 |a пенопласты 
610 1 |a волокна 
610 1 |a искусственные меха 
610 1 |a пленки 
610 1 |a каучуки 
610 1 |a клеи 
610 1 |a лакокрасочные материалы 
610 1 |a кожа 
610 1 |a природные материалы 
610 1 |a древесина 
610 1 |a твердое топливо 
610 1 |a нефть 
610 1 |a газы 
610 1 |a получение 
610 1 |a применение 
675 |a 66  |v 4 
675 |a 678.02  |v 4 
700 1 |a Авербух  |b А. Я.  |g Анатолий Яковлевич 
801 1 |a RU  |b 63413507  |c 20180329 
801 2 |a RU  |b 63413507  |c 20180402  |g RCR 
942 |c BK